Escuela del Trabajo de la Excma. Diputación Provincial de Barcelona
Descripción Física:
Desplegable : il. ; 18 cm
MARC
| LEADER | 00000nam a2200000Ia 4500 | ||
|---|---|---|---|
| 001 | 9013 | ||
| 008 | 160829s191 - ?) xx 000 0 cat d | ||
| 080 | |a RF-3-78 | ||
| 110 | 2 | |9 55345 |a Escola Elemental del Treball (Barcelona, Catalunya) | |
| 245 | |a Escuela del Trabajo de la Excma. Diputación Provincial de Barcelona | ||
| 260 | |a Barcelona : |b (Imp. Casa Caritat, |c 191 - ?) | ||
| 300 | |a Desplegable : |b il. ; |c 18 cm | ||
| 610 | 2 | 0 | |9 55345 |a Escola Elemental del Treball (Barcelona, Catalunya) |
| 856 | 4 | |u https://media.diba.cat/diba/fitxers/arxiu/fulletons/bib_9013_1910_baixa.pdf |y Accés lliure | |
| 856 | 4 | |u https://media.diba.cat/diba/fitxers/arxiu/fulletons/bib_9013_1910_baixa.pdf |y Accés lliure | |
| 900 | |a bib_9013_1910_baixa.pdf | ||
| 901 | |a Arxiu | ||
| 942 | |n 1 |2 udc | ||
| 952 | |0 0 |1 0 |4 0 |6 RF378 |7 1 |9 45262 |a Arxiu |b Arxiu |d 2016-12-01 |l 0 |o RF-3-78 |p 9013 |r 2016-12-01 00:00:00 |w 2016-12-01 |y ARXIU | ||
| 999 | |c 48336 |d 48336 | ||